000 00271nam a2200121Ia 4500
005 20251222141847.0
008 251222s9999||||xx |||||||||||||| ||spa||
082 _a838.94/M22C
100 _a"Mann, Thomas"
245 0 _aCarlota en Weimar
250 _a2a.ed.
942 _cLIB
999 _c7596
_d7596